000 01867nam a2200253Ia 4500
008 260220t1998||||xx |||||||||||||| ||spa||
040 _aPY-SlUNAC
_bspa
_erda
041 _aspa
082 _a551.892
_bG589m
100 _aGonzáles Nuñez, María Eugenia
_eAutor
245 0 _aMapa geológico de la República del Paraguay :
_bhoja Paraguarí 5469, texto explicativo /
_cpor María Eugenia Gonzáles Nuñez [Autor] y Wilmer Bartel [Autor]
264 _aAsunción :
_bMOPC,
_c℗1998.
300 _a1 volumen
520 _aEl "Mapa geológico de la República del Paraguay: hoja Paraguarí 5469" de María Eugenia Gonzáles Nuñez es una obra fundamental que presenta un análisis detallado de la geología de la región de Paraguarí. Publicado en 1998 por el Ministerio de Obras Públicas y Comunicaciones (MOPC) de Paraguay, el texto explicativo acompaña al mapa geológico, ofreciendo información sobre la composición, estructura y procesos geológicos que han dado forma al área. A través de la cartografía, la autora proporciona un recurso visual que facilita la comprensión de las formaciones geológicas y su distribución en el territorio. Además, se abordan aspectos relacionados con los recursos minerales y su potencial económico, así como la importancia de la geología en la planificación territorial y el desarrollo sostenible de la región. Esta obra no solo es valiosa para geólogos y estudiantes, sino también para planificadores y responsables de la gestión ambiental, contribuyendo a un mejor entendimiento de la geodiversidad paraguaya.
651 _aParaguay
653 _aGeología
653 _aMapas geológicos
700 _aBartel, Wilmer
_eAutor
942 _b2026/02/17
_cBK
999 _c8081
_d8081